| 000 | 00748nam a2200217 4500 | ||
|---|---|---|---|
| 001 | 140135 | ||
| 003 | ES-MaACL | ||
| 005 | 20231226160805.0 | ||
| 007 | t| | ||
| 008 | 070214s1960 sp r ||||1| spa d | ||
| 080 | _a86.0(729.1) Martí, José 1.06 | ||
| 100 | 1 |
_aSchulman, Ivan A. _9104763 |
|
| 245 | 1 | 0 |
_aSímbolo y color en la obra de José Martí / _cIvan A. Schulman. |
| 260 |
_aMadrid : _bGredos, _c1960. |
||
| 300 |
_a541 p. ; _c25 cm. |
||
| 490 | 1 |
_aBiblioteca románica hispánica II. Estudios y ensayos ; _v47 |
|
| 600 | 1 | 4 |
_aMartí, José, _d1853-1895- _xCrítica e interpretación _977188 |
| 830 | 1 |
_aBiblioteca románica hispánica II. Estudios y ensayos ; _v47 _9178108 |
|
| 852 |
_aES-MaACL _jF-8696 |
||
| 999 |
_c140135 _d140135 |
||